Normal view
MARC view
- عنيزات، معتصم فلاح
Entry Personal Name
001 - CONTROL NUMBER
- control field: 47416
003 - CONTROL NUMBER IDENTIFIER
- control field: JO-AjAnu
005 - DATE AND TIME OF LATEST TRANSACTION
- control field: 20230606081828.0
008 - FIXED-LENGTH DATA ELEMENTS
- fixed length control field: 230606|| aca||aabn | a|a d
040 ## - CATALOGING SOURCE
- Original cataloging agency: JO-AjAnu
- Transcribing agency: JO-AjAnu
100 ## - HEADING--PERSONAL NAME
- Personal name: عنيزات، معتصم فلاح
670 ## - SOURCE DATA FOUND
- Source citation: Work cat.: (JO-AjAnu)24266: عنيزات، معتصم فلاح, author, جريمة غسل الاموال ودور المصارف والبنوك في الاردن اتجاهها من وجهة نظر العاملين فيها